| 000 | 00626nam a22001697a 4500 | ||
|---|---|---|---|
| 005 | 20251108164232.0 | ||
| 008 | 250721s1977 xx 000 0 ara d | ||
| 082 | 1 | 4 | _a327.565/أرد |
| 245 | 1 | 0 | _aالبيانات الرسمية المشتركة على مستوى القمة 1952-1977 / |
| 264 | 1 |
_aعمان : _bدائرة المطبوعات و النشر - قسم المراجع و زارة الإعلام، _c1977. |
|
| 300 | _a178ص. | ||
| 650 | 1 | 7 | _aالأردن |
| 650 | 1 | 7 | _aالعلاقات الدولية |
| 710 | 2 | _aالأردن . دائرة المطبوعات و النشر | |
| 942 |
_2ddc _cBK |
||
| 999 |
_c7067 _d7067 |
||